Statistiques concernant Taylor Swift - Chansons les plus streamés de Folklore

Cliquez ici pour prendre le quiz!

Statistiques générales

  • Ce quiz a été pris 96 fois
  • Le résultat moyen est 9 sur 17

Statistiques - réponses

HintRéponse% Correct
431MCardigan
100%
276MAugust
83%
404MExile
73%
273MThe 1
64%
189MMy Tears Ricochet
58%
166MBetty
56%
177MThe Last Great American Dynasty
55%
157MMirrorball
49%
145MSeven
49%
95MHoax
46%
149MIllicit Affairs
45%
63MThe Lakes
44%
107MPeace
42%
162MInvisible String
41%
112MMad Woman
41%
156MThis Is Me Trying
41%
100MEpiphany
40%

Distribution des résultats

Percentile par nombre de réponses

% des personnes avec chaque résultat

Votre développement - résultats

Vous n’avez pas pris ce quiz